[Event "Niedersachsen-ch U10"]
[Site "Rotenburg"]
[Date "2013.03.28"]
[Round "9"]
[White "Moeller, Lukas"]
[Black "Buchloh, Adrian"]
[Result "0-1"]
[WhiteElo "826"]
[BlackElo "1100"]
[PlyCount "63"]
[EventDate "2013.03.23"]
[EventType "swiss"]
[EventRounds "11"]
[EventCountry "GER"]
[SourceTitle "EXT 2015"]
[Source "ChessBase"]
[SourceDate "2014.11.20"]
[SourceVersion "1"]
[SourceVersionDate "2014.11.20"]
[SourceQuality "1"]

1. d4 d5 2. e3 Bf5 3. Bd3 Bxd3 4. cxd3 e6 5. e4 Nc6 6. Be3 g6 7. Nf3 Bg7 8. Nc3 Nge7 9. 0-0 0-0 10. exd5 Nxd5 11. Qd2 Re8 12. Ne4 f5 13. Ng3 Rf8 14. Ne2 Qe7 15. Bg5 Bf6 16. Bxf6 Qxf6 17. Rfe1 Rad8 18. Nc3 Rfe8 19. Ne5 Nxd4 20. Nc4 Qh4 21. Nxd5 exd5 22. Rxe8+ Rxe8 23. Ne3 c6 24. Qc3 Ne2+ 25. Kf1 Nxc3 26. bxc3 Qxh2 27. Re1 Qb8 28. c4 dxc4 29. Nxc4 Rxe1+ 30. Kxe1 Kf7 31. Kd2 Qf4+ 32. Ne3 0-1

[Event "Niedersachsen-ch U10"]
[Site "Rotenburg"]
[Date "2013.03.27"]
[Round "8"]
[White "Helmer, Jan"]
[Black "Moeller, Lukas"]
[Result "1-0"]
[WhiteElo "1570"]
[BlackElo "826"]
[PlyCount "79"]
[EventDate "2013.03.23"]
[EventType "swiss"]
[EventRounds "11"]
[EventCountry "GER"]
[SourceTitle "EXT 2015"]
[Source "ChessBase"]
[SourceDate "2014.11.20"]
[SourceVersion "1"]
[SourceVersionDate "2014.11.20"]
[SourceQuality "1"]

1. Nf3 c5 2. c4 e6 3. e4 g6 4. d3 Bg7 5. g3 Ne7 6. Bg2 b6 7. 0-0 Bb7 8. Qc2 d5 9. Rd1 0-0 10. Nc3 d4 11. Ne2 Nbc6 12. Rb1 Qd7 13. a3 Ne5 14. Nxe5 Bxe5 15. f4 Bg7 16. Bd2 e5 17. b4 Rae8 18. Rb2 exf4 19. Nxf4 f5 20. Bh3 g5 21. Ne2 g4 22. Bg2 Be5 23. Bf4 Bxf4 24. Nxf4 Bc6 25. b5 Bb7 26. Re1 a6 27. a4 Ng6 28. Nxg6 hxg6 29. Qd2 Kg7 30. Qg5 Qd8 31. Qxd8 Rxd8 32. bxa6 Bc6 33. Rxb6 Bxa4 34. Ra1 Bc2 35. Ra3 Rb8 36. Rxb8 Rxb8 37. a7 Ra8 38. exf5 gxf5 39. Bxa8 Bxd3 40. Rxd3 1-0